Derecho y sociedad en el reino visigodo
Gorde:
| Egile nagusia: | |
|---|---|
| Formatua: | Liburua |
| Hizkuntza: | gaztelania |
| Argitaratua: |
Madrid
Alianza
1981
|
| Gaiak: | |
| Etiketak: |
Etiketa erantsi
Etiketarik gabe, Izan zaitez lehena erregistro honi etiketa jartzen!
|
MARC
| LEADER | 00000nam a2200000 a 4500 | ||
|---|---|---|---|
| 001 | UCY6700 | ||
| 003 | CL-VaPUC | ||
| 008 | 950602e19810000SP |||||||||||||||||spa|d | ||
| 082 | 0 | 4 | |a 340.0946 |b KIN |2 21 |
| 100 | 0 | |a King, P. D |e author |9 336732 | |
| 245 | 1 | 0 | |a Derecho y sociedad en el reino visigodo |
| 300 | |a 308 p | ||
| 942 | |c BK | ||
| 945 | |d 19950602 00:00:00 |a aalvarez | ||
| 260 | |a Madrid |b Alianza |c 1981 | ||
| 650 | 0 | |a Historia del derecho |9 255109 | |
| 651 | 0 | |a España |9 254926 | |
| 583 | |a last modification |c 19950602 00:00:00 |k Rodrigo Vera | ||
| 999 | |c 234224 |d 234222 | ||
| 952 | |0 0 |1 0 |4 0 |6 340_094600000000000_KIN_1981 |7 0 |8 A |9 240290 |a BIBDER |b BIBDER |d 2019-11-18 |i 2000814 |o 340.0946 KIN 1981 |p 2000814 |r 2023-01-25 |w 2019-11-18 |y BK |k DER | ||
| 952 | |0 0 |1 0 |4 0 |6 340_094600000000000_KIN_1981 |7 0 |8 DER_HIS |9 240291 |a BIBDER |b BIBDER |d 2019-11-18 |i 1887467 |o 340.0946 KIN 1981 |p 1887467 |r 2023-01-25 |w 2019-11-18 |x Ubicación 4to Piso |y BK |z Estos recursos deben solicitarse con anticipación |k DER | ||